000 00400nam a22001697a 4500
003 koha_MIRAKIL
005 20231213065303.0
008 231213b |||||||| |||| 00| 0 ||| d
040 _aTR-IsEVY
_btur
_cTR-IsEVY
082 _a0540 SAN/A
100 _aSANIGÖK, ÜNAL.
245 0 _aANORGANİK SINAİ KİMYA.
260 _b[s.n.],
_c1977
300 _a159.
650 _aKimya.
942 _2ddc
_cBK
999 _c1094
_d1094